000 01436nam a2200217Ia 4500
003 Ost
005 20260426125804.0
008 260426s9999||||xx |||||||||||||| ||und||
040 _cfsecg
041 _aeng
082 _a658
100 _aBoukrouh, Abdallah
_eAuthor
245 0 _aSpecialised Foreign Language 1 :
_bEnglish for Management - lessons and exercises /
_cAbdallah Boukrouh
260 _aAlgiers :
_bUniversity of Algiers 3 Faculty of Economics Commercial Sciences and Management,
_c2024
300 _a101 paper,
_c12 cm
504 _aReferences paper 98
520 _aThis course provides a comprehensive overview of key management concepts and techniques, with a focus on both domestic and international contexts. The curriculum covers a wide range of topics, including strategic management, conflict management, financial management, human resources management, and international business. Students will also explore specialized areas like Islamic banking, e-commerce, and e-marketing. Additionally, the course delves into quantitative techniques, labor market dynamics, and social security systems. By the end of the course, students will have a solid foundation in management principles and be equipped to apply these concepts to real-world challenges.
653 _aManagement
710 _aUniversity of Algiers 3 Faculty of Economics Commercial Sciences and Management
_eScientific publisher
942 _cHANDOUT
999 _c41504
_d41504